[4択] 首都を地図から当てる -アフリカ- - Statistics

General Stats
  • This quiz has been taken 22 times
  • The average score is 12 of 20
Answer Stats
Hint Extra Hint Answer % Correct
説明 アルジェリア(アルジェ)
91%
説明 チュニジア(チュニス)
91%
説明 エジプト(カイロ)
82%
説明 エチオピア(アディスアベバ)
82%
説明 モロッコ(ラバト)
77%
説明 コンゴ民主共和国(キンシャサ)
73%
説明 マダガスカル(アンタナナリボ)
73%
説明 アンゴラ(ルアンダ)
73%
説明 タンザニア(ドドマ)
59%
説明 セネガル(ダカール)
59%
説明 カメルーン(ヤウンデ)
59%
説明 マリ(バマコ)
59%
説明 ナイジェリア(アブジャ)
50%
説明 コートジボワール(ヤムスクロ)
50%
説明 南アフリカ共和国(プレトリア)
41%
説明 ザンビア(ルサカ)
41%
説明 ガーナ(アクラ)
36%
説明 ナミビア(ウィントフーク)
32%
説明 ケニア(ナイロビ)
27%
説明 ウガンダ(カンパラ)
23%
No matching quizzes found
Score Distribution
Percent of People with Each Score
Percentile by Number Answered
Your Score History
You have not taken this quiz